000 00670nam a2200289Ia 4500
005 20260324131654.0
008 008 260324s9999 xx 000 0 eng d
020 _a9781003085812
037 _aEBOOK
040 _aCRL
040 _beng
040 _cCRL
041 _2eng
041 _aeng
084 _qCRL
100 _aClare Birchall
_91186384
245 0 _aKnowledge Goes Pop
245 0 _bFrom Conspiracy Theory to Gossip
260 _bTaylor and Francis
260 _c2006
365 _a
365 _b230
856 _uhttp://www.taylorfrancis.com/books/9781003085812
942 _cEBOOK
999 _c1783780
_d1783780